| 000 | 00742nam a2200217 a 4500 | ||
|---|---|---|---|
| 001 | 000030902 | ||
| 003 | DO-SdBNP | ||
| 005 | 20260219111624.0 | ||
| 008 | 100226s1960 dr a r 000 0 spa d | ||
| 040 |
_aDO-SdBNP _bspa _cBNPHU |
||
| 082 | 4 |
_a341 _bS211c, 1960 |
|
| 100 | 1 |
_aSánchez i Sánchez, Carlos _924270 |
|
| 245 | 1 | 0 |
_aCurso de derecho internacional público americano : _b(sistemática i exégesis) / _cCarlos Sánchez i Sánchez. |
| 250 | _a2a ed. | ||
| 260 |
_aCiudad Trujillo, República Dominicana : _bMontalvo, _c1960. |
||
| 300 |
_a624 p. : _bil. ; _c23 cm. |
||
| 500 | _aIncluye índice | ||
| 500 | _aIncluye referencias bibliográficas y notas al pie de páginas | ||
| 650 | 0 |
_aPanamericanismo _97149 |
|
| 942 |
_2ddc _cLBS1 |
||
| 999 |
_c30394 _d30394 |
||